000 00305nam a2200121 a 4500
008 100916s2009|||| d
245 1 0 _aVšetko alebo nič. Príbeh pokračuje
100 1 _aUrbaníková Eva
260 _aBratislava
_c2009
_bEvitapress
044 _axo
_cSK
041 _aslo
020 _c4,99
999 _c10395
_d10395